000 00660nam a2200229 a 4500
001 BRCA_6346
005 20190320205424.0
008 160811s1949----au-a######---#000-0#ger-#
041 _ager
044 _aau
050 4 _aZ278
_b.S36 1949
100 1 _aSchroers, Paul.
_915910
245 1 0 _aDas Antiquariat
_cvon Paul Schroers und Bertold Hack.
260 _aSöcking, Austria
_bH. F. S. Bachmair
_c1949
300 _a133 p.
_bil.
_c19 cm.
500 _aK113
504 _aBibliografía: p. 124-128.
650 1 4 _aAnticuario
_xLibros antiguos
_zAlemania
_915911
650 1 4 _aLibros raros
_vBibliografía
_zAlemania
_915912
902 _aGFM
942 _2lcc
_cB
999 _c6032
_d6032